Quizzes
Events
Quiz Creation
Community
Videos
Private Events
Remove Ads
Sign In
Join for FREE
Feedback
Dark Mode
Quiz Categories
Sports
Geography
Music
Movies
Television
Just For Fun
Miscellaneous
History
Literature
Language
Science
Gaming
Entertainment
Religion
Holiday
For Kids
Quiz Lab
Recent
Popular Today
Quiz Kudos Today
Editor Picks
Curator Picks
Quizzes by...
Day
Popularity
Type
Ratings
Length
Year
Community
Subscriptions
Recent Discussions
Orange Saloon
Badges
Playlists
Quests
Create
Leaderboards
Showdown
Live 5
Trivia Bingo
Activity
Puzzle Library
Sporcle Events
Private Events
Virtual Trivia
Globe League
Become a Host
Pub Owners
SporcleCon
Opinionation
Our Games
Videos
Blog
Mobile Apps
Partnerships
Remove Ads and Go Orange
Feedback
Language
Vocabulary
Begins and Ends
Definition
Spanish
French
German
Italian
Chinese
Latin
Translation
Japanese
Language
Vocabulary
Begins and Ends
Definition
Spanish
French
German
Italian
Chinese
Latin
Translation
Japanese
Random Quiz
Search Sporcle
×
Quiz Lab
Quiz Lab
Language
Ancient Greece
Type in answers that appear in a list
Type in answers that appear in a list
Classic
Best Score? Go Orange.
Ancient Greek Article Declension Stats
Can you name the Ancient Greek Article?
By
Abelard
3m
36 Questions
169 Plays
169 Plays
169 Plays
Comments
Comments
Give Quiz Kudos
Give Quiz Kudos
-
- Ratings
hide this ad
More Info
Forced Order
Answers have to be entered in order
Answers have to be entered in order
Replay
Link that replays current quiz
Next Quiz
Link to next quiz in quiz playlist
You Got
0%
They Got
Avg Score
47%
Avg Friend Score
Upgrade to see
Score Distribution
Jump to the score distribution portion of the page
Score
0/36
Timer
03:00
0
Plays Today
Case
Article
% Correct
Sing. Masc. Dat.
τῷ
87.6%
Sing. Masc. Gen.
τοῦ
87%
Sing. Masc. Acc.
τόν
85.2%
Sing. Masc. Nom.
ὁ
82.2%
Sing. Neut. Nom.
τό
74%
Sing. Fem. Nom.
ἡ
73.4%
Sing. Neut. Dat.
τῷ
72.2%
Sing. Neut. Acc.
τό
71.6%
Sing. Fem. Dat.
τῇ
71%
Sing. Neut. Gen.
τοῦ
71%
Sing. Fem. Gen.
τῆς
69.8%
Sing. Fem. Acc.
τήν
69.8%
Pl. Masc. Nom.
οἱ
63.3%
Pl. Masc. Gen.
τῶν
58%
Pl. Masc. Acc.
τούς
58%
Pl. Fem. Nom.
αἱ
55.6%
Pl. Masc. Dat.
τοῖς
55%
Pl. Fem. Gen.
τῶν
50.9%
Case
Article
% Correct
Pl. Fem. Dat.
ταῖς
50.9%
Pl. Fem. Acc.
τάς
46.7%
Pl. Neut. Nom
τά
46.2%
Pl. Neut. Acc.
τά
45%
Pl. Neut. Gen.
τῶν
43.2%
Pl. Neut. Dat.
τοῖς
42%
Dual Masc. Nom.
τώ
23.7%
Dual Neut. Nom.
τώ
14.8%
Dual Masc. Gen.
τοῖν
14.2%
Dual Masc. Dat.
τοῖν
13.6%
Dual Neut. Gen.
τοῖν
13.6%
Dual Neut. Acc.
τώ
13.6%
Dual Masc. Acc.
τώ
13%
Dual Neut. Dat.
τοῖν
13%
Dual Fem. Nom.
τά
12.4%
Dual Fem. Acc.
τά
12.4%
Dual Fem. Gen.
ταῖν
11.8%
Dual Fem. Dat.
ταῖν
11.8%
Quiz Playlist
Details
Report
Send in Message
Add To Playlist
More Info:
Decline the Ancient Greek article. You can enter answers in the Greek alphabet with diacritics, just the plain Greek alphabet, or the Latin.
Classic:
Type in answers that appear in a list
Forced Order:
Answers have to be entered in order
Quiz Source
Last Updated: Feb 16, 2017
Quiz Scoreboard
CHALLENGE
Sign Up to Join the Scoreboard
Show All
Scores
Hide
Comments
May contain spoilers
Recently Published
Billboard Blitz: Fleetwood Mac
by CooCooCachoo
Music
15s
Presidents Visiting Landmarks
by Hejman
History
7m
An Introduction to Baseball
by treessimontrees
Sports
5m
More to Explore
Quiz From the Vault
Featured Blog Post
Where Did the Easter Bunny Come From?
hide this ad
You Might Also Like...
Tags
ancient
Ancient Greece
article
case
declension
Greek
Today's Top Quizzes in Language
Browse Language
hide this ad
Today's Top Quizzes in Ancient Greece
Browse Ancient Greece
Top Contributed Quizzes in Language
1
1-10 Letter F Words III
2
1-10 Letter G Words III
3
Order Up: Top 10 Most Native Spoken Languages
4
1-10 Letter H Words III
5
Alphabetize! : 'As' words
6
One Thing in Common: Italy
7
1-10 Letter I Words III
8
Weisst du, aus welchen Sprachen diese Wörter stammen?
9
1-10 Letter J Words III
10
Celtic Nations in their Language
Explore More
Trending Topics
Marvel
Harry Potter
Disney
Anime
NBA
Kpop
Crossword
Soccer
Pokémon
WWE
Country
Puzzle
Song
NFL
The Office
hide this ad
More By:
Abelard
Quiz
Plays
Rating
Category
Featured
Created
Ancient Greek Article Declension
169
Language
Mar 11, 2012
Go to Creator's Profile
Score Distribution
Quiz Creator Spotlight
Abelard
Follow
Send a Message
Quizzes Created
-
Created Quiz Play Count
-
More By This Creator
Popular Quizzes Today
1
Find the US States - No Outlines Minefield
2
Find the Countries of Europe - No Outlines Minefield
3
The Countries of the World
4
Find the US States
5
Risky Map Clicking: Biggest States A-Z
6
US States
7
Popular People in 1961
8
Movies - When Are They Set?
More Language Quizzes
Common Crossword Clues
Published
Trending Quizzes
Risky Map Clicking: Least Populous States A-Z
1-10 Letter G Words
1-10 Letter F Words
Risky Map Clicking: Next State Alphabetically
Risky Map Clicking: Biggest States A-Z
Recently Updated
Leaping Animals
pecheneg
Reality TV Shows (A-Z)
bhenderson79
Rickey Henderson's Hall of Fame Teammates
pecheneg
Champions League XIs: Arsenal
pecheneg
Quick Pick: Celebrities in WWE's Hall of Fame
aduchscher
A-Z Keypad Blitz II
pecheneg
Multiple Oscar Actors
pecheneg
Mystery Phrase Blitz: Oscar 'Best Actors'
pecheneg
F. Scott Fitzgerald Novels
LTH
Pick 3 Villains
ddd62291
Trending Topics
Crossword
Kpop
Marvel
Harry Potter
Disney
Anime
NBA
Soccer
Country
Puzzle
The Office
Pokémon
Song
NFL
WWE
Your Account Isn't Verified!
In order to create a playlist on Sporcle, you need to verify the email address you used during registration. Go to your
Sporcle Settings
to finish the process.
Report this User
Report this user for behavior that violates our
Community Guidelines
.
Details:
Send Report
Go to the Sporcle.com Mobile Site →
Comments